000 00379pab a2200145 454500
008 180718b2001 xxu||||| |||| 00| 0 eng d
100 _aChoudhury, T.K.
245 _aHealth insurance and user's charges in metro city: a study
260 _c2001
300 _ap.97-102
362 _aApr-Jun
650 _aSocial security
773 _aManagement in Government
909 _a50086
999 _c50086
_d50086